| 000 | 00645nam a22002177a 4500 | ||
|---|---|---|---|
| 003 | OSt | ||
| 005 | 20240618100408.0 | ||
| 008 | 240618b |||||||| |||| 00| 0 eng d | ||
| 020 | _a0521642035 | ||
| 040 | _cmust | ||
| 082 | _a515.64 JOS 1998 | ||
| 100 |
_aJost,Jurgen _917411 |
||
| 245 |
_aCalculus of variation: _bcambridge studies in advanced mathematics/ _cJurgen Jost and Xianqing Li-Jost |
||
| 260 |
_aUnited kingdom: _bCambridge university; _cc1998. |
||
| 300 |
_axvi,323p.: _bill; _c23cm. |
||
| 504 | _aIncludes index | ||
| 600 | _2mathematics | ||
| 650 |
_aCalculus _9764 |
||
| 700 |
_aLi-Jost, Xianqing _917412 |
||
| 942 |
_2ddc _cO_SHELF |
||
| 999 |
_c8587 _d8587 |
||